| 000 | 00547nam a22001577a 4500 | ||
|---|---|---|---|
| 003 | OSt | ||
| 005 | 20150910104926.0 | ||
| 008 | 150910b xxu||||| |||| 00| 0 eng d | ||
| 040 | _cRUA | ||
| 082 | _aAGR នូ 1994 B010 Or.1 | ||
| 100 |
_9215 _aនូ កែវសុទ្ធា |
||
| 245 | _aសត្វល្អិតចង្រៃបំផ្លាញដំណាំក្រូចពោធិសាត់ នៅខេត្តបាត់ដំបង | ||
| 260 |
_aPhnom Penh _bRUA _c1994 |
||
| 300 |
_a58p. _bill. _c29cm. |
||
| 942 |
_2ddc _cAGR |
||
| 999 |
_c197 _d197 |
||